Score 0/20 Timer 04:00
0 Plays Today
Subtitle Missing Word % Correct
Call of Duty: ______ at WarWorld
86.2%
Legend of Zelda: Ocarina of ______Time
82.8%
Batman: ______ AsylumArkham
76.5%
Injustice: Gods ______ UsAmong
75.1%
Need for Speed: Most ______Wanted
74.9%
Star Wars: The ______ UnleashedForce
70.7%
Fallout: ______ VegasNew
62.9%
Battlefield: Bad ______Company
54.8%
Halo:______ EvolvedCombat
53.3%
The Simpsons: ______ vs the Space MutantsBart
53%
Subtitle Missing Word % Correct
Mario Kart: Double ______Dash
53%
Uncharted 2: Among ______Thieves
47.9%
Resistance: ______ of ManFall
45.7%
World of Warcraft: ______ of PandariaMists
41.8%
XCOM: ______ UnknownEnemy
40.4%
Hitman 2: Silent ______Assassin
40.2%
Counter-Strike: ______ OffensiveGlobal
34.9%
Ratchet & Clank: Up Your ______Arsenal
31.9%
Spec-Ops: The ______Line
31.6%
Barkley: Shut Up and ______!Jam
17.1%

Today's Daily Dose

Remove Ads.
Support Sporcle.
Get the best of Sporcle when you Go Orange. This ad-free experience offers more features, more stats, and more fun while also helping to support Sporcle. Thank you for becoming a member.

You're not logged in!

Compare scores with friends on all Sporcle quizzes.
OR
Log In

Show Comments

Extras

Top Quizzes Today


Score Distribution

Your Account Isn't Verified!

In order to create a playlist on Sporcle, you need to verify the email address you used during registration. Go to your Sporcle Settings to finish the process.

Report this User

Report this user for behavior that violates our Community Guidelines.

Details: